000 00604nam a2200217 a 4500
001 61507
003 BD-RjUL
005 20211209080955.0
008 170118s1988 ii a 000 0 eng d
035 _a(BD-RjUL)61631
040 _aDLC
_cCarP
_dBD-RjUL
_beng
041 _aeng
082 _a658.1511
_bSRM 1988
_223
100 _aSrinivasan, N. P.
_9172542
245 1 0 _aManagement accounting /
_cN. P. Srinivasan
250 _a2 nd rev. enlarged ed.
260 _aNed Delhi :
_bSterling publishing,
_c1988
300 _a664 p. ;
_c24 cm.
650 _aManagerial accounting
_9175029
942 _2ddc
_cBK
999 _c61507
_d61507